Statistics for Champion's league final goalscorers

Click here to take the quiz!

General Stats

  • This quiz has been taken 4,975 times
    (779 since last reset)
  • The average score is 54 of 154

Answer Stats

HintHintAnswers% Correct
2014Real Madrid - Atletico Madrid 4-1Cristiano Ronaldo
98%
2017Real Madrid - Juventus 4-1Cristiano Ronaldo
98%
2008Manchester United - Chelsea 1-1 (6-5 pen.)Cristiano Ronaldo
98%
2017Real Madrid - Juventus 4-1Cristiano Ronaldo
98%
2011Barcelona - Manchester United 3-1Messi
95%
2009Barcelona - Manchester United 2-0Messi
95%
2014Real Madrid - Atletico Madrid 4-1Bale
92%
2018Real Madrid - Liverpool 3-1Bale (2)
92%
2019Liverpool - Tottenham 2-0Salah
92%
2018Real Madrid - Liverpool 3-1Benzema
91%
2023Manchester City - Inter 1-0Rodri
90%
2016Real Madrid - Atletico Madrid 1-1 (5-3 pen.)Sergio Ramos
88%
2021Chelsea - Manchester City 1-0Havertz
87%
2015Barcelona - Juventus 3-1Neymar
87%
2014Real Madrid - Atletico Madrid 4-1Sergio Ramos
87%
2015Barcelona - Juventus 3-1Suarez
87%
2022Real Madrid - Liverpool 1-0Vinicius
87%
2018Real Madrid - Liverpool 3-1Manè
85%
2020Bayern Munich - Paris-Saint Germain 1-0Coman
82%
2012Chelsea - Bayern Munich 1-1 (4-3 pen.)Drogba
82%
2013Bayern Munich - Borussia Dortmund 2-1Robben
77%
2012Chelsea - Bayern Munich 1-1 (4-3 pen.)Muller
75%
1975Bayern Munich - Leeds 2-0Muller
75%
1974Bayern Munich - Atletico Madrid 4-0Muller (2)
75%
2005Liverpool - Milan 3-3 (3-2 pen.)Gerrard
74%
2013Bayern Munich - Borussia Dortmund 2-1Mandzukic
74%
2017Real Madrid - Juventus 4-1Mandzukic
74%
2019Liverpool - Tottenham 2-0Origi
70%
2002Real Madrid - Bayer Leverkusen 2-1Zidane
69%
2017Real Madrid - Juventus 4-1Casemiro
68%
2011Barcelona - Manchester United 3-1Rooney
68%
2009Barcelona - Manchester United 2-0Eto'o
67%
2006Barcelona - Arsenal 2-1Eto'o
67%
2011Barcelona - Manchester United 3-1Villa
66%
2015Barcelona - Juventus 3-1Rakitic
65%
2017Real Madrid - Juventus 4-1Asensio
64%
2010Inter - Bayern Munich 2-0Milito (2)
64%
1956Real Madrid - Stade Reims 4-3Di Stefano
61%
1957Real Madrid - Fiorentina 2-0Di Stefano
61%
1958Real Madrid - Milan 3-2Di Stefano
61%
1959Real Madrid - Stade Reims 2-0Di Stefano
61%
1960Real Madrid - Eintracht Frankfurt 7-3Di Stefano (3)
61%
2014Real Madrid - Atletico Madrid 4-1Marcelo
61%
2005Liverpool - Milan 3-3 (3-2 pen.)Maldini
60%
2005Liverpool - Milan 3-3 (3-2 pen.)Xabi Alonso
60%
2011Barcelona - Manchester United 3-1Pedro
59%
2002Real Madrid - Bayer Leverkusen 2-1Raul
59%
2000Real Madrid - Valencia 3-0Raul
59%
2007Milan - Liverpool 2-1Inzaghi (2)
57%
2014Real Madrid - Atletico Madrid 4-1Godin
56%
2013Bayern Munich - Borussia Dortmund 2-1Gundogan
56%
2008Manchester United - Chelsea 1-1 (6-5 pen.)Lampard
56%
2015Barcelona - Juventus 3-1Morata
55%
2005Liverpool - Milan 3-3 (3-2 pen.)Crespo (2)
53%
1962Benfica - Real Madrid 5-3Puskas (3)
52%
1960Real Madrid - Eintracht Frankfurt 7-3Puskas (4)
52%
2004Porto - Monaco 3-0Deco
51%
2016Real Madrid - Atletico Madrid 1-1 (5-3 pen.)Carrasco
46%
1989Milan - Steaua Bucharest 4-0Van Basten (2)
46%
1972Ajax - Inter 2-0Cruijff (2)
45%
1963Milan - Benfica 2-1Eusebio
45%
1962Benfica - Real Madrid 5-3Eusebio (2)
45%
1999Manchester United - Bayern Munich 2-1Solskjaer
44%
2006Barcelona - Arsenal 2-1Campbell
41%
1989Milan - Steaua Bucharest 4-0Gullit (2)
41%
1997Borussia Dortmund - Juventus 3-1Del Piero
37%
2007Milan - Liverpool 2-1Kuyt
37%
1999Manchester United - Bayern Munich 2-1Sheringham
36%
2000Real Madrid - Valencia 3-0Morientes
34%
1992Barcelona - Sampdoria 1-0Koeman
33%
2005Liverpool - Milan 3-3 (3-2 pen.)Smicer
32%
2006Barcelona - Arsenal 2-1Belletti
30%
1995Ajax - Milan 1-0Kluivert
29%
1985Juventus - Liverpool 1-0Platini
29%
1957Real Madrid - Fiorentina 2-0Gento
28%
1958Real Madrid - Milan 3-2Gento
28%
1968Manchester United - Benfica 4-1Charlton (2)
26%
1968Manchester United - Benfica 4-1Best
25%
2002Real Madrid - Bayer Leverkusen 2-1Lucio
24%
1990Milan - Benfica 1-0Rijkaard
24%
2000Real Madrid - Valencia 3-0McManaman
23%
1978Liverpool - Club Brugge 1-0Dalglish
21%
2001Bayern Munich - Valencia 1-1 (5-4 pen.)Effenberg
20%
2001Bayern Munich - Valencia 1-1 (5-4 pen.)Mendieta
19%
1998Real Madrid - Juventus 1-0Mijatovic
19%
1994Milan - Barcelona 4-0Desailly
18%
1996Juventus - Ajax 1-1 (4-2 pen.)Litmanen
18%
2004Porto - Monaco 3-0Carlos Alberto
17%
1997Borussia Dortmund - Juventus 3-1Ricken
17%
1999Manchester United - Bayern Munich 2-1Basler
14%
1994Milan - Barcelona 4-0Massaro (2)
14%
1993Olympique Marseille - Milan 1-0Boli
13%
1996Juventus - Ajax 1-1 (4-2 pen.)Ravanelli
13%
1994Milan - Barcelona 4-0Savicevic
13%
2004Porto - Monaco 3-0Alenichev
12%
1967Celtic - Inter 2-1Mazzola
11%
1964Inter - Real Madrid 3-1Mazzola (2)
11%
1997Borussia Dortmund - Juventus 3-1Riedle (2)
11%
1971Ajax - Panathinaikos 2-0Van Dijk
10%
1987Porto - Bayern Munich 2-1Madjer
8%
1963Milan - Benfica 2-1Altafini (2)
7%
1974Bayern Munich - Atletico Madrid 4-0Hoeness (2)
7%
1973Ajax - Juventus 1-0Rep
7%
1983Hamburg - Juventus 1-0Magath
6%
1980Nottingham Forest - Hamburg 1-0Robertson
6%
1965Inter - Benfica 1-0Jair
5%
1961Benfica - Barcelona 3-2Kocsis
5%
1977Liverpool - Borussia Monchengladbach 3-1Simonsen
5%
1977Liverpool - Borussia Monchengladbach 3-1Smith
5%
1966Real Madrid - Partizan 2-1Amancio
4%
1979Nottingham Forest - Malmo 1-0Francis
4%
1981Liverpool - Real Madrid 1-0Kennedy
4%
1977Liverpool - Borussia Monchengladbach 3-1Neal
4%
1984Liverpool - Roma 1-1 (4-2 pen.)Neal
4%
1958Real Madrid - Milan 3-2Rial
4%
1956Real Madrid - Stade Reims 4-3Rial (2)
4%
1961Benfica - Barcelona 3-2Czibor
3%
1970Feyenoord - Celtic 2-1Gemmell
3%
1967Celtic - Inter 2-1Gemmell
3%
1970Feyenoord - Celtic 2-1Israel
3%
1968Manchester United - Benfica 4-1Kidd
3%
1969Milan - Ajax 4-1Prati (3)
3%
1984Liverpool - Roma 1-1 (4-2 pen.)Pruzzo
3%
1976Bayern Munich - Saint-Etienne 1-0Roth
3%
1975Bayern Munich - Leeds 2-0Roth
3%
1966Real Madrid - Partizan 2-1Vasovic
3%
1969Milan - Ajax 4-1Vasovic
3%
1961Benfica - Barcelona 3-2Aguas
2%
1962Benfica - Real Madrid 5-3Aguas
2%
1967Celtic - Inter 2-1Chalmers
2%
1962Benfica - Real Madrid 5-3Coluna
2%
1961Benfica - Barcelona 3-2Coluna
2%
1971Ajax - Panathinaikos 2-0Haan
2%
1987Porto - Bayern Munich 2-1Juary
2%
1956Real Madrid - Stade Reims 4-3Leblond
2%
1956Real Madrid - Stade Reims 4-3Marquitos
2%
1977Liverpool - Borussia Monchengladbach 3-1McDermott
2%
1958Real Madrid - Milan 3-2Schiaffino
2%
1982Aston Villa - Bayern Munich 1-0Withe
2%
1962Benfica - Real Madrid 5-3Cavem
1%
1964Inter - Real Madrid 3-1Felo
1%
1968Manchester United - Benfica 4-1Graca
1%
1958Real Madrid - Milan 3-2Grillo
1%
1956Real Madrid - Stade Reims 4-3Hidalgo
1%
1970Feyenoord - Celtic 2-1Kindvall
1%
1987Porto - Bayern Munich 2-1Kogl
1%
1960Real Madrid - Eintracht Frankfurt 7-3Kress
1%
1959Real Madrid - Stade Reims 2-0Mateos
1%
1964Inter - Real Madrid 3-1Milani
1%
1961Benfica - Barcelona 3-2Ramallets (o.g.)
1%
1966Real Madrid - Partizan 2-1Serena
1%
1969Milan - Ajax 4-1Sormani
1%
1960Real Madrid - Eintracht Frankfurt 7-3Stein (2)
1%
1956Real Madrid - Stade Reims 4-3Templin
1%

Score Distribution

Percentile by Number Answered

Percent of People with Each Score

Your Score History

You have not taken this quiz since the last reset